|
|
|
|
| LEADER |
00000cam a2200000 a 4500 |
| 001 |
vtls008311850 |
| 003 |
SK-MaSNL |
| 005 |
20260301041145.0 |
| 008 |
230403s1958 xo f np 010 0 slo |
| 015 |
|
|
|a SNBA1959/01-00200
|
| 020 |
|
|
|q (viazané)
|
| 035 |
|
|
|a SK01SNK19590004067
|
| 035 |
|
|
|a urn:nbn:sk:snk-am3i8em
|
| 035 |
|
|
|a EDCD11DD-7CC6-4143-A402-6CAB8887A5CE
|
| 035 |
|
|
|a urn:nbn:sk:snk-am00dxb3
|
| 035 |
|
|
|a SKM000006530
|
| 040 |
|
|
|a SNK
|b slo
|c SNK
|e AACR2
|
| 041 |
1 |
|
|a slo
|h rus
|
| 044 |
|
|
|a xo
|c SK
|
| 072 |
|
7 |
|a 781
|x Hudobná teória
|2 konspekt
|
| 072 |
|
7 |
|a 37.016
|x Učebné osnovy. Vyučovacie predmety. Učebnice
|2 konspekt
|
| 080 |
|
|
|a 781
|2 2001
|
| 080 |
|
|
|a 781.4
|2 2001
|
| 080 |
|
|
|a (075)
|2 2011
|
| 080 |
|
|
|a 78
|2 2011
|
| 100 |
1 |
|
|a Rimskij-Korsakov, Nikolaj Andrejevič,
|d 1844-1908
|4 aut
|9 122372
|
| 240 |
1 |
0 |
|a Praktičeskij učebnik garmonii
|l Slovensky
|
| 245 |
1 |
0 |
|a Praktická učebnica harmónie
|b venovaná Anatolovi Konstantinovičovi Ľadovovi
|c N. Rimskij-Korsakov ; [z 18. upraveného a doplneného vydania ... Praktičeskij učebnik garmonii ... preložil Ján Fischer]
|
| 250 |
|
|
|a 1. vyd.
|
| 260 |
|
|
|a Bratislava
|b Slovenské vydavateľstvo krásnej literatúry
|c 1958
|
| 300 |
|
|
|a 181 strán
|b noty
|c 21 cm
|
| 366 |
|
|
|e 1650 kusov
|
| 490 |
1 |
|
|a Edícia pedagogickej hudby
|
| 500 |
|
|
|a Poznámky pod čiarou
|
| 650 |
0 |
7 |
|a harmónia (hudba)
|2 SNKPH
|9 2859
|
| 650 |
0 |
7 |
|a hudobná náuka
|2 SNKPH
|9 4343
|
| 650 |
0 |
7 |
|a hudba
|2 SNKPH
|9 1063
|
| 650 |
0 |
7 |
|a Music
|2 SNKPHeng
|9 265352
|
| 650 |
0 |
7 |
|a Harmony
|2 SNKPHeng
|9 312817
|
| 655 |
|
7 |
|a učebnice
|2 SNKPH
|9 22521
|
| 655 |
|
7 |
|a Textbooks
|2 SNKPHeng
|9 276731
|
| 700 |
1 |
|
|a Fišer, Ján,
|d 1896-1963
|4 trl
|9 222581
|
| 700 |
1 |
|
|a Ljadov, Anatolij Konstantinovič,
|d 1855-1914
|4 hnr
|9 157737
|
| 830 |
|
0 |
|a Edícia pedagogickej hudby
|9 342469
|
| 852 |
|
|
|a Slovenská národná knižnica
|
| 954 |
|
|
|a odborná, vedecká literatúra cudzojazyčná (svetová)
|2 lita
|
| 958 |
|
|
|a OND
|
| 958 |
|
|
|a RK
|
| 958 |
|
|
|a TL
|
| 958 |
|
|
|a OP
|
| 958 |
|
|
|a RU
|
| 958 |
|
|
|a SP
|
| 958 |
|
|
|a EUIPO
|
| 999 |
|
|
|c 587732
|d 589662
|
| 952 |
|
|
|a SNK
|b SNK
|y PREZ
|7 0
|p 17A0825535
|o snkSC 12446
|i snkKSP 4325/58
|0 0
|1 0
|4 0
|d 2020-01-09
|f 1
|l 0
|r 2025-07-16 00:00:00
|w 2026-02-23
|